• 首页
  • 本馆介绍
  • 公告通知
  • 最新文献
  • 馆藏检索
  • 电子资源
  • 读者导购
  • 参考咨询
  • 我的图书馆
  • 登录
  • 详细信息显示
  • 放入我的书架
  • 预约/预借图书
  • 作者相关作品
  • 分类相关作品
  • 丛书相关作品
  • 出版社相关作品

书目信息

  • 表格格式
  • 工作单格式
  • 卡片格式
题名:
历史是个什么玩意儿
    
 
作者: 袁腾飞 著
分册: 2   袁腾飞说中国史
出版信息: 石家庄   花山文艺出版社  2009
页数: 226页
开本: 24cm
丛书名:
单 册:
中图分类: K109 , K250.9
科图分类:
主题词: 世界史--通俗读物 , 近代史--中国--通俗读物 , 世界史 , 近代史
电子资源:
ISBN: 978-7-80755-720-3
000 00958nam0 2200301 450
001 004455362
005 20110225083235.14
010    @a978-7-80755-720-3@dCNY32.80
035    @a004455362
100    @a20100409d2009 em y0chiy0110 ea
101 0  @achi
102    @aCN@b130000
105    @aa z 000yy
106    @ar
200 1  @a历史是个什么玩意儿@9li shi shi ge shen me wan yi er@h2@i袁腾飞说中国史@h下@f袁腾飞著
210    @a石家庄@c花山文艺出版社@d2009
215    @a226页@c插图@d24cm@e1光盘
307    @a附光盘:ISRC CN-C20-09-0037-0
330    @a本书对中国近代史进行了重新诠释,内容包括:鸦片战争、甲午战争、辛亥革命、国共十年、抗日战争及解放战争。
606 0  @a世界史@j通俗读物
606 0  @a近代史@y中国@j通俗读物
606 0  @a世界史
606 0  @a近代史
690    @aK109@v4
690    @aK250.9@v4
701  0 @a袁腾飞@9yuan teng fei@f(1972~)@4著
801  0 @aCN@bNLC@c20110225
905    @b205996760-797@h599676-79@dK109@e178:2@f4
    
    历史是个什么玩意儿.2.袁腾飞说中国史.下/袁腾飞著.-石家庄:花山文艺出版社,2009
    226页:插图;24cm+1光盘
    
    
    ISBN 978-7-80755-720-3:CNY32.80
    本书对中国近代史进行了重新诠释,内容包括:鸦片战争、甲午战争、辛亥革命、国共十年、抗日战争及解放战争。
●
相关链接 在E读中查询图书 在五车中查询图书 在当当中查询图书 在豆瓣中查询图书


正题名:历史是个什么玩意儿     索取号:K109/178:2         预约/预借

序号 登录号 条形码 馆藏地/架位号 状态 备注
1 599676   205996760   第二样本阅览室/ [索取号:K109/178:2] 在馆    
2 599677   205996779   第二借阅区/ [索取号:K109/178:2] 在馆    
3 599678   205996788   第二借阅区/ [索取号:K109/178:2] 在馆    
4 599679   205996797   第二借阅区/ [索取号:K109/178:2] 在馆    
唐山师范学院图书馆 欢迎您!
大连网信软件有限公司© 版权所有